| 000 | 00404nam a2200157Ia 4500 | ||
|---|---|---|---|
| 003 | SGT | ||
| 020 | _a9788180546952 | ||
| 082 |
_a658 _bPRA |
||
| 100 | _aPrasad,L.M | ||
| 245 | _aPrincipal and practice of management | ||
| 260 |
_bSultan Chand & Sons _aNew Delhi _c2010 |
||
| 300 | _a884p. | ||
| 650 | _aGENERAL MANAGEMENT | ||
| 653 | _aNATURE OF MANAGEMENT, DEVELOMPENT OF MANAGEMENT | ||
| 942 |
_2ddc _cBK |
||
| 999 |
_c5286 _d5286 |
||